News from nowhere ; or, An epoch of rest; being some chapters from a utopian romance.

Bibliographic Details
Main Author: Morris, William, 1834-1896
Format: Book
Language:English
Published: New York : Monthly Review Press, [1966]
Series:Classics of radical thought
Subjects:

MARC

Tag First Indicator Second Indicator Subfields
LEADER 00000cam a22000001 4500
001 in00000057584
005 20151007082223.0
008 731212r19661890nyu 00000 eng
010 |a  66023526  
035 |a (OCoLC)02571401 
035 |9 AAF7552AM 
040 |a DLC  |c DLC  |d TXA  |d UtOrBLW 
049 |a TXAM  |c [474087] 
050 0 0 |a HX811 .M62  |b 1890 
082 0 |a 321.07 
092 |a 321.07  |b M877n, 1966 
100 1 |a Morris, William,  |d 1834-1896. 
245 1 0 |a News from nowhere ;  |b or, An epoch of rest; being some chapters from a utopian romance. 
264 1 |a New York :  |b Monthly Review Press,  |c [1966] 
300 |a 258 pages ;  |c 22 cm. 
336 |a text  |b txt  |2 rdacontent 
337 |a unmediated  |b n  |2 rdamedia 
338 |a volume  |b nc  |2 rdacarrier 
490 0 |a Classics of radical thought 
500 |a Reprint of the 1890 edition. 
650 0 |a Utopias. 
740 3 |a An epoch of rest. 
999 |a MARS 
999 f f |s 1b04257c-102b-3b33-86f9-fbfd8d178aae  |i 80130d4c-5f42-3dd2-ac2c-b2484ceababd  |t 0 
952 f f |p ric  |a Texas A&M University  |b Rellis Campus  |c Joint Library Facility  |d Remote Storage  |t 0  |e HX811 .M62 1890  |h Library of Congress classification  |i unmediated -- volume  |m A14800662168 
998 f f |a HX811 .M62 1890  |t 0  |l Remote Storage